书目信息 |
| 题名: |
Java EE企业级应用技术
|
|
| 作者: | 姜志强 编著 | |
| 分册: | ||
| 出版信息: | 北京 电子工业出版社 2019.01 |
|
| 页数: | 181页 | |
| 开本: | 26cm | |
| 丛书名: | ||
| 单 册: | ||
| 中图分类: | TP312.8JA | |
| 科图分类: | ||
| 主题词: | JAVA语言--JAVA yu yan--程序设计--高等学校--教材 | |
| 电子资源: | ||
| ISBN: | 978-7-121-34444-2 | |
| 000 | 01387nam0 2200265 450 | |
| 001 | CAL 0120182610659 | |
| 005 | 20190115091057. | |
| 010 | @a978-7-121-34444-2@dCNY39.00 | |
| 100 | @a20190114d2019 em y0chiy50 ea | |
| 101 | 0 | @achi |
| 102 | @aCN@b110000 | |
| 105 | @aak a 000yy | |
| 106 | @ar | |
| 200 | 1 | @aJava EE企业级应用技术@AJava EE qi ye ji ying yong ji shu@f姜志强编著@Fjiang zhi qiang bian zhu |
| 210 | @a北京@c电子工业出版社@d2019.01 | |
| 215 | @a181页@c图@d26cm | |
| 320 | @a有书目 | |
| 330 | @a全书共分8章, 第1章介绍Java EE企业级应用的基本知识和基本概念, 企业级应用与中间件技术, Java EE体系架构的基本模式, 第2章详细讲解Java Server Faces框架的主要概念、主要成分和主要技术构成, 第3章讲解上下文、资源注入和依赖注入的概念, 第4章讲解Java EE体系中的核心内容之一企业Bean的基本概念, 包括有状态会话Bean, 无状态会话Bean, 单身会话Bean, 消息服务与消息驱动Bean等几种企业Bean类型, 第5章专门介绍Java持久性和事务的相关概念和知识, 第6章介绍Web服务及相关的基本概念, 包括用JAX-WS技术构建Web服务和用JAX-RS技术构建RESTful Web服务, 第7章简要讨论安全性的基本概念, 第8章简单介绍Java消息服务和Java EE拦截器技术。 | |
| 333 | @a新工科建设之路·软件工程规划教材 | |
| 586 | @a | |
| 606 | 0 | @aJAVA语言@AJAVA yu yan@x程序设计@x高等学校@j教材 |
| 690 | @aTP312.8JA@v5 | |
| 701 | 0 | @a姜志强@Ajiang zhi qiang@4编著 |
| 801 | 0 | @aCN@c20190114 |
| 905 | @a河南城建学院图书馆@dTP312.8JA@eJ535@f2 | |
| Java EE企业级应用技术/姜志强编著.-北京:电子工业出版社,2019.01 |
| 181页:图;26cm |
| 使用对象:新工科建设之路·软件工程规划教材 |
| ISBN 978-7-121-34444-2:CNY39.00 |
| 全书共分8章, 第1章介绍Java EE企业级应用的基本知识和基本概念, 企业级应用与中间件技术, Java EE体系架构的基本模式, 第2章详细讲解Java Server Faces框架的主要概念、主要成分和主要技术构成, 第3章讲解上下文、资源注入和依赖注入的概念, 第4章讲解Java EE体系中的核心内容之一企业Bean的基本概念, 包括有状态会话Bean, 无状态会话Bean, 单身会话Bean, 消息服务与消息驱动Bean等几种企业Bean类型, 第5章专门介绍Java持久性和事务的相关概念和知识, 第6章介绍Web服务及相关的基本概念, 包括用JAX-WS技术构建Web服务和用JAX-RS技术构建RESTful Web服务, 第7章简要讨论安全性的基本概念, 第8章简单介绍Java消息服务和Java EE拦截器技术。 |
| ● |
| 相关链接 |
|
|
|
正题名:Java EE企业级应用技术
索取号:TP312.8JA/J535
 
预约/预借
| 序号 | 登录号 | 条形码 | 馆藏地/架位号 | 状态 | 备注 |
| 1 | 1415585 | 214155858 | 自科库301/301自科库 56排7列5层/ [索取号:TP312.8JA/J535] | 在馆 | |
| 2 | 1415586 | 214155867 | 自科库301/301自科库 56排7列5层/ [索取号:TP312.8JA/J535] | 在馆 |